Las instituciones sociales en España en la alta edad media.
Պահպանված է:
| Հիմնական հեղինակ: | |
|---|---|
| Ձևաչափ: | Գիրք |
| Լեզու: | իսպաներեն |
| Հրապարակվել է: |
Barcelona
El Albir
1981
|
| Հրատարակություն: | 2a. ed |
| Խորագրեր: | |
| Ցուցիչներ: |
Ավելացրեք ցուցիչ
Չկան պիտակներ, Եղեք առաջինը, ով նշում է այս գրառումը!
|
MARC
| LEADER | 00000nam a2200000 a 4500 | ||
|---|---|---|---|
| 001 | UCR2532 | ||
| 003 | CL-VaPUC | ||
| 005 | 20240307142256.0 | ||
| 008 | 980112e19810000SP |||||||||||||||||spa|d | ||
| 999 | |c 265667 |d 265665 | ||
| 040 | |c Pontificia Universidad Católica de Valparaíso | ||
| 082 | 0 | 4 | |a 349.46 |b GAR |2 21 |
| 100 | |a García-Gallo de Diego, Alfonso |e autor |9 431084 | ||
| 245 | 1 | 4 | |a Las instituciones sociales en España en la alta edad media. |
| 246 | 1 | 3 | |a El hombre y la tierra en la edad media leonesa |
| 250 | |a 2a. ed | ||
| 260 | |a Barcelona |b El Albir |c 1981 | ||
| 300 | |a 150 p | ||
| 583 | |a last modification |c 19980112 00:00:00 |k Rodrigo Vera | ||
| 650 | 0 | |a Instituciones sociales |9 329915 | |
| 650 | 0 | |a Alta Edad Media |z España |9 400436 | |
| 650 | 0 | |a Clases sociales |9 256858 | |
| 942 | |c BK |2 ddc | ||
| 945 | |d 19980112 00:00:00 |a crobeson | ||
| 952 | |0 0 |1 0 |4 0 |6 349_460000000000000_GAR_1981 |7 0 |8 DER_HIS |9 296684 |a BIBDER |b BIBDER |d 2019-11-20 |i 1924737 |o 349.46 GAR 1981 |p 1924737 |r 2023-01-25 |w 2019-11-20 |x Ubicación 4to Piso |y BK |z Estos recursos deben solicitarse con anticipación |k DER | ||